[Event "RUS-ch Men Blitz 2019"]
[Site "Sochi"]
[Date "2019.10.17"]
[Round "6.30"]
[White "Bespalov, Konstantin"]
[Black "Chekletsov, Ilya"]
[Result "0-1"]
[WhiteElo "2258"]
[BlackElo "2377"]
[Annotator "TA"]
[PlyCount "112"]
[EventDate "2019.10.17"]
[EventType "swiss"]
[EventCountry "RUS"]
[SourceTitle "playchess.com"]
[Source "ChessBase"]
[SourceQuality "1"]

{[%evp 15,112,-7,-2,-27,31,0,18,-57,-59,-52,-50,-47,-55,-69,359,355,408,415,468,265,270,271,284,245,258,239,239,237,297,289,292,292,310,310,300,254,228,3,13,0,0,0,0,-538,0,0,0,-251,-256,-265,-235,-278,-272,-253,-260,-268,-239,-235,-257,-277,-233,-267,-269,-121,-247,-275,-270,-269,0,-230,-255,-222,-204,-224,-126,-197,-76,-12832,-12831,-1495,0,-312,-305,-12833,-2391,-12837,-12837,-12838,-12838,-12839,-12839,-12840,-12840,-12844,-12844,-12845,-12845,-12845,-12846]} 1. e4 c5 2. Nc3 d6 3. g3 g6 4. Bg2 Bg7 5. Nge2 Nc6 6. d3 e6 7. Be3 Nd4 8. Qd2 Ne7 9. O-O-O {B26: Closed Sicilian: 3 g3, lines with early Be3} (9. Nd1 Nec6 10. c3 Nxe2 11. Qxe2 Rb8 12. f4 Qc7 13. h4 b5 14. g4 b4 15. O-O bxc3 16. bxc3 O-O 17. f5 {0-1 (46) Domingo Nunez,R (2345)-Harsha,B (2489) Barcelona 2019}) 9... Nec6 (9... Qb6 $11) 10. Kb1 $146 (10. Bh6 $5 {[%cal Rh6g7]} O-O 11. h4 $11) ({Predecessor:} 10. Bh6 Bxh6 11. Qxh6 Bd7 12. Qg7 Ke7 13. Nf4 Qf8 14. Qxf8+ Rhxf8 15. h4 h5 16. Kd2 Rab8 {½-½ (24) Rozic,S (2022)-Titan,M (2101) Rogatska Slatina 2010}) 10... b5 {[%cal Bb7b5,Bb5b4][%mdl 32]} 11. Nc1 (11. e5 $11 d5 12. f4) 11... b4 $15 12. N3e2 a5 ({Reject} 12... Nxe2 13. Nxe2 O-O 14. e5 $11) 13. Nxd4 Nxd4 14. Bh6 Bf6 $2 {[%mdl 8192] [#]} (14... Bxh6 $15 {keeps the upper hand.} 15. Qxh6 a4) 15. e5 $1 $18 {[%mdl 576] Discovered Attack} Bxe5 (15... dxe5 16. Bxa8) 16. Bxa8 d5 17. Ne2 (17. Rhe1 $142) 17... Bd7 18. Nxd4 Bxd4 19. Be3 Qxa8 20. Bxd4 cxd4 21. Qf4 Qa7 22. Qf6 Rf8 23. h4 h5 24. f3 a4 {[%cal Ba5a4,Ba4a3][%mdl 32]} 25. g4 a3 26. b3 $2 (26. gxh5 $18 {Strongly threatening h6.} gxh5 27. Rde1) 26... Qc5 $1 $11 27. gxh5 Qc3 {[%csl Ga3][%cal Rc3b2][%mdl 64] Zwischenzug} 28. Kc1 gxh5 29. Rde1 $2 {[%mdl 8192]} (29. Rhg1 $11 {and White stays safe.}) 29... Bb5 $2 (29... Rg8 $19 30. Kd1 Rg2) 30. Kd1 Kd7 $40 {[%mdl 128] And now ...Bxd3! would win. Black has some attack.} 31. Rxe6 $4 {[%mdl 8192]} (31. Qf4 $11 {and White is okay.}) 31... fxe6 $19 ({Don't go for} 31... Qa1+ $2 32. Ke2 $18) 32. Qxf8 $11 {[%mdl 4096] Endgame KQR-KQB} Qa1+ {[%mdl 64] Double Attack} 33. Kd2 Qxh1 34. Qf7+ Kd6 35. Qf8+ Kc7 $1 36. Qe7+ Bd7 37. Qc5+ Kd8 $1 38. Qf8+ Be8 $1 39. Qd6+ Kc8 $1 40. Qxe6+ Bd7 41. Qa6+ {[#]} Kc7 $1 42. Qa5+ $2 {[#]} (42. Qa7+ $1 $11 Kd6 43. Qb8+ Ke6 44. Qg8+ Ke5 45. Qg7+ Ke6 46. Qh6+ Kf7 47. Qf4+ Ke7 48. Qe5+ Kf8 49. Qf6+ Ke8 50. Qe5+ Kd8 51. Qb8+ Bc8 52. Qd6+ Ke8 53. Qe5+ {[%mdl 64] Double Attack} Kf7 54. Qxd5+ Be6 55. Qxh5+ Ke7 56. Qg5+ Kd6 57. Qd8+ Kc6 58. Qe8+ Kd6 59. Qd8+ Kc6 60. Qe8+ Kd6 61. Qd8+) 42... Kd6 $1 $19 {( -> ...Qh2+)} 43. Qxb4+ Ke6 {Threatens to win with ...Qg2+.} 44. Qb6+ {[#]} Kf5 $1 45. Qxd4 {[#]} Qxf3 (45... Qh2+ $1 $19 {has better winning chances.} 46. Kc3 Qd6) 46. Qg7 $2 {[%mdl 8192]} (46. Kc3 $17) 46... Qf4+ 47. Kc3 Be6 $2 ({Black should try} 47... Qe5+ $19 48. Qxe5+ Kxe5) 48. Qf8+ $2 {[%mdl 8192] [#]} (48. Qh7+ $11 Kf6 49. Qxh5) 48... Kg4 $1 49. Qxf4+ $2 (49. Qe7 Qf7 50. Qb4+ Kh3 51. Qxa3) 49... Kxf4 {KB-KP. Black is clearly winning.} 50. b4 Kg4 51. b5 Kxh4 52. b6 Bc8 53. Kd4 Kg3 54. c4 dxc4 55. dxc4 h4 56. c5 Bb7 {Accuracy: White = 32%, Black = 61%.} 0-1

[Event "RUS-ch Men Blitz 2019"]
[Site "Sochi"]
[Date "2019.10.17"]
[Round "6.31"]
[White "Utnasunov, Alexander"]
[Black "Alexeev, Alexey"]
[Result "*"]
[WhiteElo "2442"]
[BlackElo "2252"]
[Annotator "NA"]
[PlyCount "36"]
[EventDate "2019.10.17"]
[EventType "swiss"]
[EventCountry "RUS"]
[SourceTitle "playchess.com"]
[Source "ChessBase"]
[SourceQuality "1"]
[TimeControl "180+2"]

1. d4 d5 2. c4 e6 3. Nc3 c6 4. e4 dxe4 5. Nxe4 Bb4+ $11 6. Bd2 Qxd4 7. Bxb4 Qxe4+ 8. Ne2 Na6 9. Ba5 b6 10. Bc3 f6 11. Qd6 Bd7 12. O-O-O Rd8 13. Ng3 Qg6 14. Be2 h5 15. Bf3 Ne7 16. Rhe1 Qg5+ 17. Kb1 Qc5 18. Ne4 O-O *

[Event "RUS-ch Men Blitz 2019"]
[Site "Sochi"]
[Date "2019.10.17"]
[Round "7.1"]
[White "Drygalov, Andrey"]
[Black "Sakaev, Konstantin"]
[Result "1/2-1/2"]
[WhiteElo "2484"]
[BlackElo "2595"]
[Annotator "ChessBase"]
[PlyCount "44"]
[EventDate "2019.10.17"]
[EventType "swiss"]
[EventCountry "RUS"]
[SourceTitle "playchess.com"]
[Source "ChessBase"]
[SourceQuality "1"]
[TimeControl "180+2"]

1. e4 {[%emt 0:00:00]} c5 {[%emt 0:00:00]} 2. Nf3 {[%emt 0:00:00]} d6 {[%emt 0:00:01]} 3. d4 {[%emt 0:00:00]} cxd4 {[%emt 0:00:01]} 4. Nxd4 {[%emt 0:00:01]} Nf6 {[%emt 0:00:01]} 5. Nc3 {[%emt 0:00:00]} a6 {[%emt 0:00:01]} 6. Be3 {[%emt 0:00:01]} e5 {[%emt 0:00:01]} 7. Nb3 {[%emt 0:00:01]} Be6 {[%emt 0:00:01]} 8. f3 {[%emt 0:00:01]} h5 {[%emt 0:00:02]} 9. Qd2 {[%emt 0:00:01]} Nbd7 {[%emt 0:00:02]} 10. Nd5 {[%emt 0:00:01]} Bxd5 {[%emt 0:00:05]} 11. exd5 {[%emt 0:00:01]} g6 {[%emt 0:00:03]} 12. O-O-O {[%emt 0:00:02]} Bg7 {[%emt 0:00:14]} 13. Kb1 {[%emt 0:00:05]} Qc7 {[%emt 0:00:18]} 14. c4 {[%emt 0:00:31]} a5 {[%emt 0:00:22]} 15. Na1 {[%emt 0:00:28]} a4 {[%emt 0:00:17]} 16. Nc2 {[%emt 0:00:01]} a3 {[%emt 0:00:03]} 17. Nxa3 {[%emt 0:00:07]} Rxa3 {[%emt 0:00:01]} 18. bxa3 {[%emt 0:00:01]} O-O {[%emt 0:00:02]} 19. Bd3 {[%emt 0:00:10]} Ra8 {[%emt 0:00:06]} 20. Qb4 {[%emt 0:00:01]} Nc5 {[%emt 0:00:12]} 21. Bc2 {[%emt 0:00:40]} Nfd7 {[%emt 0:00:19]} 22. Kc1 {[%emt 0:00:28]} Ra6 {[%emt 0:00:04]} 1/2-1/2

[Event "RUS-ch Men Blitz 2019"]
[Site "Sochi"]
[Date "2019.10.17"]
[Round "7.2"]
[White "Rublevsky, Sergei"]
[Black "Tsydypov, Zhamsaran"]
[Result "0-1"]
[WhiteElo "2651"]
[BlackElo "2553"]
[Annotator "RC"]
[PlyCount "116"]
[EventDate "2019.10.17"]
[EventType "swiss"]
[EventCountry "RUS"]
[SourceTitle "playchess.com"]
[Source "ChessBase"]
[SourceQuality "1"]
[TimeControl "180+2"]

1. e4 {[%emt 0:00:00]} c5 {[%emt 0:00:00]} 2. Nf3 {[%emt 0:00:01]} d6 {[%emt 0:00:00]} 3. d4 {[%emt 0:00:09]} cxd4 {[%emt 0:00:01]} 4. Nxd4 {[%emt 0:00:01]} Nf6 {[%emt 0:00:02]} 5. Nc3 {[%emt 0:00:01]} a6 {[%emt 0:00:01]} 6. Bc4 {[%emt 0:00:01]} e6 {[%emt 0:00:04]} 7. Bb3 {[%emt 0:00:01]} Nbd7 {[%emt 0:00:14]} 8. Bg5 {[%emt 0:00:04]} Nc5 {[%emt 0:00:06]} 9. O-O {[%emt 0:00:05]} Be7 {[%emt 0:00:03]} 10. Re1 {[%emt 0:00:09]} Qc7 {[%emt 0:00:05]} 11. f4 {[%emt 0:00:03]} O-O {[%emt 0:00:15]} 12. e5 {[%emt 0:00:10]} dxe5 {[%emt 0:00:02]} 13. fxe5 {[%emt 0:00:01]} Ne8 {[%emt 0:00:01]} 14. Bxe7 {[%emt 0:00:04]} Qxe7 {[%emt 0:00:02]} 15. Qf3 {[%emt 0:00:06]} Bd7 {[%emt 0:00:11]} 16. Ne4 {[%emt 0:00:14]} Rd8 {[%emt 0:00:18]} 17. Rad1 {[%emt 0:00:08]} Nxe4 {[%emt 0:00:04]} 18. Qxe4 {[%emt 0:00:04]} Bc8 {[%emt 0:00:07]} 19. c3 {[%emt 0:00:15]} g6 {[%emt 0:00:01]} 20. Nf3 {[%emt 0:00:49]} Ng7 {[%emt 0:00:04]} 21. Qh4 {[%emt 0:00:01]} Qxh4 {[%emt 0:00:23]} 22. Nxh4 {[%emt 0:00:01]} b5 {[%emt 0:00:09]} 23. Nf3 {[%emt 0:00:11]} Bb7 {[%emt 0:00:02]} 24. Kf2 {[%emt 0:00:02]} Nf5 {[%emt 0:00:13]} 25. g4 {[%emt 0:00:06]} Ne7 {[%emt 0:00:01]} 26. Kg3 {[%emt 0:00:07]} Bxf3 {[%emt 0:00:37]} 27. Kxf3 {[%emt 0:00:01]} g5 {[%emt 0:00:01]} 28. Bc2 {[%emt 0:00:20]} Nc6 {[%emt 0:00:03]} 29. Ke4 {[%emt 0:00:09]} Na5 {[%emt 0:00:04]} 30. Bb3 {[%emt 0:00:05]} Nb7 {[%emt 0:00:04]} 31. Ke3 {[%emt 0:00:03]} Nc5 {[%emt 0:00:01]} 32. Bc2 {[%emt 0:00:12]} Nd7 {[%emt 0:00:01]} 33. Ke4 {[%emt 0:00:00]} f6 {[%emt 0:00:18]} 34. exf6 {[%emt 0:00:07]} Nxf6+ {[%emt 0:00:01]} 35. Kf3 {[%emt 0:00:01]} Rxd1 {[%emt 0:00:15]} 36. Bxd1 {[%emt 0:00:02]} Nd5+ {[%emt 0:00:05]} 37. Kg3 {[%emt 0:00:01]} Nf4 {[%emt 0:00:02]} 38. Bb3 {[%emt 0:00:02]} Kf7 {[%emt 0:00:01]} 39. h4 {[%emt 0:00:02]} h6 {[%emt 0:00:01]} 40. hxg5 {[%emt 0:00:03]} hxg5 {[%emt 0:00:01]} 41. Rh1 {[%emt 0:00:01]} Rd8 {[%emt 0:00:01]} 42. Rh7+ {[%emt 0:00:03]} Kf6 {[%emt 0:00:00]} 43. Ra7 {[%emt 0:00:05]} Rd6 {[%emt 0:00:06]} 44. Kf3 {[%emt 0:00:01]} Ke5 {[%emt 0:00:02]} 45. a4 {[%emt 0:00:03]} Rd3+ {[%emt 0:00:01]} 46. Kf2 {[%emt 0:00:02]} Rd2+ {[%emt 0:00:01]} 47. Kf3 {[%emt 0:00:04]} Rxb2 {[%emt 0:00:01]} 48. Bd1 {[%emt 0:00:01]} Rd2 {[%emt 0:00:01]} 49. Bb3 {[%emt 0:00:03]} Rd3+ {[%emt 0:00:01]} 50. Kf2 {[%emt 0:00:01]} Rxc3 51. Bd1 b4 {[%emt 0:00:15]} 52. Rxa6 {[%emt 0:00:02]} b3 {[%emt 0:00:00]} 53. Rb6 {[%emt 0:00:01]} b2 {[%emt 0:00:01]} 54. Bf3 {[%emt 0:00:10]} Rc1 {[%emt 0:00:02]} 55. Rb5+ {[%emt 0:00:00]} Kd4 {[%emt 0:00:02]} 56. a5 {[%emt 0:00:07]} b1=Q {[%emt 0:00:03]} 57. Rxb1 {[%emt 0:00:01]} Rxb1 {[%emt 0:00:01]} 58. a6 {[%emt 0:00:01]} Ra1 {[%emt 0:00:01]} 0-1

[Event "RUS-ch Men Blitz 2019"]
[Site "Sochi"]
[Date "2019.10.17"]
[Round "7.3"]
[White "Morozevich, Alexander"]
[Black "Nozdrachev, Vladislav"]
[Result "0-1"]
[WhiteElo "2659"]
[BlackElo "2494"]
[Annotator "TA"]
[PlyCount "96"]
[EventDate "2019.10.17"]
[EventType "swiss"]
[EventCountry "RUS"]
[SourceTitle "playchess.com"]
[Source "ChessBase"]
[SourceQuality "1"]

{[%evp 13,96,-39,-31,-13,-23,-37,24,-14,35,6,12,11,27,0,0,-37,22,50,154,61,74,57,143,60,63,-97,-112,-133,-123,-116,-83,-76,-56,-54,-81,-110,-113,-281,-264,-273,-279,-256,-160,-151,-154,-278,-264,-294,-278,-275,-116,-979,-711,-1202,-1183,-1042,-443,-340,-185,-855,-185,-2270,-1693,-1406,-1263,-6540,-6540,-6540,-6540,-6540,-6287,-29960,-12829,-29969,-29966,-29971,-29972,-29969,-29966,-29982,-29983,-29983,-29983,-29985,-29986]} 1. e4 e5 2. Nf3 Nc6 3. d4 exd4 4. Nxd4 Bc5 5. Be3 Qf6 6. c3 Nge7 7. Nc2 d6 8. Bxc5 {C45: Scotch Game} dxc5 9. Ne3 O-O (9... Bd7 $15) 10. Nd2 {White has an edge.} Ne5 $146 ({Predecessor:} 10... Qg6 11. f4 f5 12. Bc4+ Kh8 13. e5 Qh6 14. Qf3 Be6 15. O-O-O Rad8 {½-½ (37) Morozevich,A (2683)-Kamsky,G (2670) Kazan 2016}) 11. Be2 N7g6 12. g3 Bh3 13. Nd5 Qd8 $1 14. Qc2 c6 ({Black should try} 14... f5 $15 15. O-O-O c6) 15. Ne3 $1 $11 {[#]} f5 (15... h5 $1 $14 {[%mdl 512]}) 16. exf5 (16. Nxf5 $16 Ne7 17. Nxe7+ Qxe7 18. f4) 16... Ne7 $14 {[%cal Re7f5]} 17. Qe4 Qc7 (17... Nd5 $14) 18. g4 (18. Ndc4 $16 Nf7 19. f6 gxf6 20. Qh4) 18... Nd5 19. O-O-O $2 {[#]} (19. Rg1 $1 $14 {stays ahead.}) 19... Nf6 $1 $17 {[%cal Rf6e4]} 20. Qc2 {aiming for Rhg1.} Nexg4 ({Don't do} 20... Bxg4 21. Rhe1 $15) 21. Nxg4 Bxg4 (21... Nxg4 {seems wilder.} 22. Nb3 Kh8 23. Bf1 Bxf1 24. Rhxf1 Qf4+) 22. f3 Bh5 23. Ne4 Qf4+ 24. Kb1 Qxf5 25. Bd3 $2 (25. Rdg1 $17) 25... Bxf3 $19 26. Nxf6+ Qxf6 27. Rdf1 Bxh1 28. Rxf6 Rxf6 29. Qb3+ (29. Bxh7+ $17 Kh8 30. Bd3) 29... Bd5 30. c4 Bf7 31. Qxb7 {[#]} Rd8 (31... Re8 $1 $19 {White must now prevent ...g6.} 32. Qxa7 Rf3) 32. Be2 $2 {[%mdl 8192]} (32. Qc7 $17 Re8 33. Qg3) 32... h6 {And now ...Rd2 would win.} 33. a3 Rf2 34. Bg4 Bxc4 (34... Re8 $142 35. Qb3 Re4) 35. Qe7 Rd4 (35... Bd3+ $142 36. Ka2 Rb8) 36. Qe8+ $2 (36. Be6+ Bxe6 37. Qxe6+ Kh7 38. h3) 36... Rf8 $2 (36... Kh7 37. Bh5 Rf1+ 38. Kc2 Bd3+ 39. Kb3 Be4) 37. Qh5 $2 (37. Be6+ Bxe6 38. Qxe6+ Kh7 39. Qxc6) 37... Bb3 {( -> ...Rf1+)} 38. Be2 Rfd8 39. Kc1 Rd1+ 40. Bxd1 Rxd1+ 41. Qxd1 Bxd1 42. Kxd1 {[%mdl 4096] Endgame KP-KP} Kf7 43. Kc2 Ke6 {Black mates.} 44. Kc3 Kd5 45. b3 g5 46. b4 cxb4+ 47. axb4 h5 48. b5 cxb5 {Accuracy: White = 19%, Black = 43%.} 0-1

[Event "RUS-ch Men Blitz 2019"]
[Site "Sochi"]
[Date "2019.10.17"]
[Round "7.4"]
[White "Khismatullin, Denis"]
[Black "Ponkratov, Pavel"]
[Result "0-1"]
[WhiteElo "2611"]
[BlackElo "2621"]
[Annotator "TA"]
[PlyCount "56"]
[EventDate "2019.10.17"]
[EventType "swiss"]
[EventCountry "RUS"]
[SourceTitle "playchess.com"]
[Source "ChessBase"]
[SourceQuality "1"]

{[%evp 11,56,14,27,0,14,13,12,7,9,17,16,11,7,4,8,0,0,11,32,8,22,16,39,39,45,41,58,10,25,-170,-179,-171,-168,-174,-174,-177,-174,-186,-189,-167,-160,-161,-158,-939,-926,-928,-922]} 1. b3 c5 2. Bb2 d5 3. e3 Nc6 4. Bb5 Bd7 5. Nf3 e6 6. O-O Nf6 7. c4 {A06: Réti Opening:1 Nf3 d5} (7. d4 cxd4 8. exd4 Be7 9. Re1 O-O 10. Nbd2 Qa5 11. Bf1 Ba3 12. Qc1 Bxb2 13. Qxb2 Rac8 14. a3 Ne7 {0-1 (58) Bareev,E (2643)-Anand,V (2756) Amsterdam 2019}) 7... dxc4 8. Bxc4 Be7 9. Nc3 {[%cal Bb1c3,Bc3e4,Be4g3][%mdl 32] The position is equal.} O-O 10. Rc1 a6 11. Be2 Rc8 12. Qc2 $146 ({Predecessor:} 12. a3 Qc7 13. Na4 Nb8 14. Nxc5 Bxc5 15. Bxf6 gxf6 {1-0 (33) Frey Beckman,K (2390)-Acevedo,A (2370) Mexico 1978}) 12... b5 13. Qb1 Qb6 14. Ne4 Nd5 15. d4 (15. Ng3 {with more complications.} Bf6 16. Rfd1 Rfd8 17. Ne4 Be7 18. d4) 15... cxd4 16. Nxd4 e5 17. Nxc6 Bxc6 18. Ng3 Rfe8 19. Bd3 g6 20. Bxe5 $2 {[#]} (20. Be4 $11) 20... Nxe3 $1 $19 {[%mdl 512]} 21. fxe3 Qxe3+ {[%mdl 64] Double Attack} 22. Kh1 Qxe5 23. Rce1 Qd4 24. Be4 Bb4 25. Re2 {[#] Hoping for Bxc6.} Bd6 {Strongly threatening ...Bxg3.} 26. Rd1 Qc5 {aiming for ...Bxg3.} 27. Rc1 $2 (27. Bxc6 $17 Qxc6 28. Ne4) 27... Bxe4 28. Rxc5 Bxb1 {Accuracy: White = 34%, Black = 56%.} 0-1

[Event "RUS-ch Men Blitz 2019"]
[Site "Sochi"]
[Date "2019.10.17"]
[Round "7.5"]
[White "Bocharov, Dmitry"]
[Black "Shimanov, Aleksandr"]
[Result "1-0"]
[WhiteElo "2519"]
[BlackElo "2587"]
[Annotator "RC"]
[PlyCount "92"]
[EventDate "2019.10.17"]
[EventType "swiss"]
[EventCountry "RUS"]
[SourceTitle "playchess.com"]
[Source "ChessBase"]
[SourceQuality "1"]
[TimeControl "180+2"]

1. c4 {[%emt 0:00:00]} c5 {[%emt 0:00:01]} 2. Nf3 {[%emt 0:00:03]} Nf6 {[%emt 0:00:07]} 3. Nc3 {[%emt 0:00:09]} Nc6 {[%emt 0:00:02]} 4. d4 {[%emt 0:00:02]} cxd4 {[%emt 0:00:02]} 5. Nxd4 {[%emt 0:00:01]} e6 {[%emt 0:00:02]} 6. a3 {[%emt 0:00:06]} Be7 {[%emt 0:00:05]} 7. e4 {[%emt 0:00:12]} O-O {[%emt 0:00:02]} 8. Nf3 {[%emt 0:00:02]} Qc7 {[%emt 0:00:03]} 9. Be2 {[%emt 0:00:02]} b6 {[%emt 0:00:01]} 10. O-O {[%emt 0:00:07]} Bb7 {[%emt 0:00:01]} 11. Bg5 {[%emt 0:00:09]} Rfd8 {[%emt 0:00:30]} 12. Rc1 {[%emt 0:00:03]} Ne5 {[%emt 0:00:40]} 13. Nd4 {[%emt 0:00:24]} Ng6 {[%emt 0:00:09]} 14. Bf3 {[%emt 0:01:09]} Ng4 {[%emt 0:00:16]} 15. Bxg4 {[%emt 0:00:01]} Bxg5 {[%emt 0:00:01]} 16. Rc2 {[%emt 0:00:03]} a6 {[%emt 0:00:02]} 17. g3 {[%emt 0:00:10]} Bf6 {[%emt 0:00:04]} 18. Be2 {[%emt 0:00:13]} Rac8 {[%emt 0:00:13]} 19. Rd2 {[%emt 0:00:02]} Ne5 {[%emt 0:00:05]} 20. Qb3 {[%emt 0:00:03]} Ba8 {[%emt 0:00:07]} 21. Rfd1 {[%emt 0:00:02]} Nxc4 {[%emt 0:00:29]} 22. Bxc4 {[%emt 0:00:02]} Qxc4 {[%emt 0:00:01]} 23. Qxb6 {[%emt 0:00:05]} Rb8 {[%emt 0:00:07]} 24. Qd6 {[%emt 0:00:06]} g6 {[%emt 0:00:17]} 25. Qf4 {[%emt 0:00:03]} Bg7 {[%emt 0:00:01]} 26. Nf3 {[%emt 0:00:04]} d5 {[%emt 0:00:06]} 27. Ng5 {[%emt 0:00:10]} Rf8 {[%emt 0:00:02]} 28. exd5 {[%emt 0:00:09]} Qxf4 {[%emt 0:00:03]} 29. gxf4 {[%emt 0:00:01]} exd5 {[%emt 0:00:01]} 30. Nxd5 {[%emt 0:00:02]} Bxb2 {[%emt 0:00:06]} 31. a4 {[%emt 0:00:03]} a5 {[%emt 0:00:08]} 32. Ne4 {[%emt 0:00:06]} Kg7 {[%emt 0:00:01]} 33. Nc5 {[%emt 0:00:05]} Rfd8 {[%emt 0:00:06]} 34. Nc7 {[%emt 0:00:03]} Rxd2 {[%emt 0:00:02]} 35. Rxd2 {[%emt 0:00:01]} Bc3 {[%emt 0:00:01]} 36. Rd1 {[%emt 0:00:01]} Bf3 {[%emt 0:00:01]} 37. Rc1 {[%emt 0:00:01]} Bd2 {[%emt 0:00:01]} 38. Ra1 {[%emt 0:00:03]} Rc8 {[%emt 0:00:04]} 39. N7a6 {[%emt 0:00:06]} Bxf4 {[%emt 0:00:02]} 40. Ra3 {[%emt 0:00:02]} Bc6 {[%emt 0:00:03]} 41. Rb3 {[%emt 0:00:02]} Re8 {[%emt 0:00:01]} 42. Kf1 {[%emt 0:00:02]} Bd5 {[%emt 0:00:00]} 43. Rc3 {[%emt 0:00:03]} Bxh2 {[%emt 0:00:04]} 44. Nd7 {[%emt 0:00:01]} h5 {[%emt 0:00:03]} 45. Nc7 {[%emt 0:00:03]} Bxc7 {[%emt 0:00:02]} 46. Rxc7 {[%emt 0:00:00]} Re7 {[%emt 0:00:01]} 1-0

[Event "RUS-ch Men Blitz 2019"]
[Site "Sochi"]
[Date "2019.10.17"]
[Round "7.6"]
[White "Yudin, Sergei"]
[Black "Pridorozhni, Aleksei"]
[Result "1-0"]
[WhiteElo "2497"]
[BlackElo "2599"]
[Annotator "TA"]
[PlyCount "91"]
[EventDate "2019.10.17"]
[EventType "swiss"]
[EventCountry "RUS"]
[SourceTitle "playchess.com"]
[Source "ChessBase"]
[SourceQuality "1"]

{[%evp 9,91,12,10,5,16,10,41,35,43,50,45,0,12,7,18,0,6,0,22,15,27,-20,-21,-20,59,51,47,54,54,43,82,92,96,88,304,279,421,197,197,213,211,201,188,199,217,204,207,197,297,311,310,304,310,278,325,294,328,329,315,308,392,381,401,353,397,312,450,276,276,272,269,262,286,287,256,236,456,442,444,443,619,588,625,602]} 1. e4 c5 2. Nf3 e6 3. g3 d5 4. exd5 exd5 5. d4 Nc6 6. Bg2 {B40: Sicilian: 2...e6, Unusual lines} Bg4 7. O-O Nxd4 8. Qe1+ {White is slightly better.} Be7 9. Nxd4 cxd4 10. Nd2 $146 (10. Qe5 $5 {[%cal Re5g7]} Nf6 11. Qxd4 $14) ({Predecessor:} 10. Qe5 Nf6 11. Qxd4 O-O 12. Nc3 Be6 13. Bf4 {½-½ (61) Miroshnichenko,E (2602)-Solak,D (2632) Kocaeli 2014}) 10... Nf6 11. Nb3 O-O 12. h3 Bf5 13. Nxd4 Be4 14. Be3 Rc8 15. c3 Bd3 16. Ne2 $1 Qa5 (16... Re8 $11) 17. Qd1 $14 Qa6 18. Re1 Be4 19. Nd4 Rfe8 20. Bf1 $36 {[%mdl 2048] Keeping Black busy.} Qa5 {[#]} 21. Qb3 $1 b6 $2 (21... Qd8 $16 {might work better.}) 22. Bb5 $18 Red8 (22... Bf8 $142 23. a4 a6 24. Bxe8 Nxe8) 23. Nc6 (23. Qd1 $142) 23... Rxc6 24. Bxc6 Qa6 {[#]} 25. Bb5 $1 {[%cal Rb5a6]} Qc8 26. Bf1 Nd7 {intending ...Ne5.} 27. Bd4 {And now f3! would win.} Nc5 28. Qd1 {Hoping for f3.} Qf5 (28... Bf8 $142 29. Bg2 h6) 29. Qg4 Qxg4 30. hxg4 {f3! is the strong threat.} Ne6 31. Be3 f6 32. Rad1 Kf7 33. Bg2 Bxg2 34. Kxg2 h6 35. Re2 Bc5 36. Rde1 Rd6 37. f4 d4 (37... Rd7 {was necessary.} 38. Bxc5 Nxc5) 38. cxd4 Nxd4 39. Bxd4 Rxd4 {[%mdl 4096] Endgame KRR-KRB} 40. a3 a5 41. Re4 Rd3 42. R1e2 Rb3 $2 (42... Kg6 43. Re8 Rd1) 43. Rd2 {White is clearly winning.} Kg6 44. f5+ Kh7 45. Re8 {White threatens Rdd8 and mate.} h5 {[#]} 46. g5 $1 {Accuracy: White = 64%, Black = 32%.} 1-0

[Event "RUS-ch Men Blitz 2019"]
[Site "Sochi"]
[Date "2019.10.17"]
[Round "7.7"]
[White "Grachev, Boris"]
[Black "Popov, Valerij"]
[Result "1/2-1/2"]
[WhiteElo "2621"]
[BlackElo "2535"]
[Annotator "TA"]
[PlyCount "50"]
[EventDate "2019.10.17"]
[EventType "swiss"]
[EventCountry "RUS"]
[SourceTitle "playchess.com"]
[Source "ChessBase"]
[SourceQuality "1"]

{[%evp 10,50,27,27,31,13,24,7,0,-14,17,17,18,25,15,32,19,11,25,16,39,0,-6,-6,8,0,7,0,0,-7,0,-3,0,0,3,0,0,0,2,4,6,4,5]} 1. Nf3 c5 2. c4 Nf6 3. Nc3 Nc6 4. e3 d5 5. cxd5 Nxd5 6. Bb5 e6 {A34: Symmetrical English: 2 Nc3, lines with ...d5} (6... Nxc3 7. bxc3 Bd7 8. Rb1 e6 9. d4 Be7 10. O-O O-O 11. Be2 Qc7 12. e4 Rfd8 13. Be3 Na5 14. Bd3 Rac8 15. h4 {½-½ (40) Nakamura,H (2763)-Xiong,J (2656) Douglas 2018}) 7. O-O Be7 8. d4 O-O 9. Ne4 $146 ({Predecessor:} 9. Re1 Qa5 10. Qb3 {½-½ (10) Lazarev,V (2442)-Krause,B (2438) Getxo 2017}) 9... Qb6 (9... cxd4 {seems wilder.} 10. exd4 Qb6 11. Bc4 Rd8 12. b3 Bd7) 10. Bxc6 Qxc6 11. Nxc5 Bxc5 12. dxc5 Qxc5 13. Bd2 Bd7 14. Rc1 Qb6 15. Qc2 (15. e4 $5 {[%cal Re4d5]} Nf6 16. Re1 $11) 15... Rac8 {The position is equal.} 16. Qb1 h6 17. h3 Bb5 18. Rxc8 Rxc8 19. Rc1 Rxc1+ 20. Qxc1 Qc6 21. Qxc6 Bxc6 22. Ne5 Bb5 23. e4 Nf6 24. f3 Nd7 25. Nxd7 Bxd7 {Accuracy: White = 46%, Black = 67%.} 1/2-1/2